000 00399nam a2200133 a 4500
001 000030873
005 20200930062549.0
008 110602s20uu dr 000 0 spa d
040 _aDO-SdBNP
_bspa
_cBNPHU
245 0 0 _aUniversidad Central del Este :
_bnuestro campus.
260 _aSan Pedro de Macorís, República Dominicana :
_bUCE,
_c[19--?].
300 _a[16] p. :
_bil., retrs.
049 _aBNPD
999 _c30365
_d30365